[Event "BL 1718 SK Norderstedt-OSG Baden-Baden"]
[Site "Norderstedt"]
[Date "2018.02.03"]
[Round "7.4"]
[White "Krause, Benedict"]
[Black "Naiditsch, Arkadij"]
[Result "1/2-1/2"]
[WhiteElo "2453"]
[BlackElo "2702"]
[PlyCount "116"]
[EventDate "2018.??.??"]
[EventType "team-tourn"]
[EventRounds "15"]
[EventCountry "GER"]

1. e4 e5 2. Nf3 Nc6 3. Bc4 Nf6 4. d3 Bc5 5. O-O d6 6. c3 a6 7. Bb3 Ba7 8. Nbd2
h6 9. Re1 g5 10. Nf1 g4 11. N3d2 h5 12. Nc4 h4 13. Be3 Nh5 14. Bxa7 Rxa7 15. d4
Qg5 16. dxe5 g3 17. fxg3 hxg3 18. hxg3 Nxg3 19. Qf3 Rh1+ 20. Kf2 Rh4 21. Qe3
Qxe3+ 22. Rxe3 Nxf1 23. Rxf1 b5 24. Nd2 Nxe5 25. Rg3 Ke7 26. Ke3 a5 27. Nf3 Rg4
28. Nxe5 Rxg3+ 29. Kf4 dxe5+ 30. Kxg3 Be6 31. Bxe6 Kxe6 32. Kf3 a4 33. Rd1 Ra8
34. Ke3 Rb8 35. a3 Rh8 36. Kf3 Rh4 37. c4 c6 38. cxb5 cxb5 39. b3 Rf4+ 40. Ke3
f5 41. exf5+ Kxf5 42. bxa4 Re4+ 43. Kf2 bxa4 44. Rc1 Rf4+ 45. Ke3 Rg4 46. Kf2
Ke6 47. Rc5 Kd6 48. Ra5 Rc4 49. Ke3 Ke6 50. Ra8 Rh4 51. Ra7 Rg4 52. Kf3 Rc4 53.
Ke3 Kd6 54. Ra6+ Kd5 55. Ra5+ Ke6 56. Ra8 Kd5 57. Ra5+ Ke6 58. Ra8 Kd5 1/2-1/2

[Event "BL 1718 SK Norderstedt-OSG Baden-Baden"]
[Site "Norderstedt"]
[Date "2018.02.03"]
[Round "7.5"]
[White "Movsesian, Sergei"]
[Black "Parvanyan, Ashot"]
[Result "1-0"]
[WhiteElo "2671"]
[BlackElo "2374"]
[PlyCount "81"]
[EventDate "2018.??.??"]
[EventType "team-tourn"]
[EventRounds "15"]
[EventCountry "GER"]

1. g3 Nf6 2. Bg2 g6 3. e4 d6 4. d4 Bg7 5. Ne2 O-O 6. O-O e5 7. h3 Nc6 8. Be3
exd4 9. Nxd4 Re8 10. Nc3 Bd7 11. Re1 a6 12. a4 Nb4 13. Qd2 c5 14. Nb3 Bc6 15.
Rad1 Nd7 16. a5 Ne5 17. Qe2 Qc7 18. Rd2 f5 19. Red1 Rad8 20. Bg5 Rd7 21. Bf4
Qd8 22. Bxe5 Bxe5 23. Qc4+ Kh8 24. f4 Bg7 25. e5 Bxg2 26. Kxg2 b5 27. axb6 Qxb6
28. Kh2 Qc6 29. Rxd6 Qf3 30. Rf1 Qb7 31. Nxc5 Rc7 32. Rd7 Rxc5 33. Qf7 Qxd7 34.
Qxd7 Rcc8 35. Qa4 Bf8 36. Rd1 Red8 37. Rd7 Bc5 38. h4 Bf8 39. Kh3 Bc5 40. e6
Re8 41. Rc7 1-0

[Event "BL 1718 SK Norderstedt-OSG Baden-Baden"]
[Site "Norderstedt"]
[Date "2018.02.03"]
[Round "7.6"]
[White "Meyer, Falko"]
[Black "Kasimdzhanov, Rustam"]
[Result "0-1"]
[WhiteElo "2212"]
[BlackElo "2676"]
[PlyCount "68"]
[EventDate "2018.??.??"]
[EventType "team-tourn"]
[EventRounds "15"]
[EventCountry "GER"]

1. d4 Nf6 2. Nf3 d5 3. Bf4 e6 4. e3 Bd6 5. Bg3 O-O 6. Nbd2 c5 7. c3 b6 8. Bd3
Bb7 9. Qe2 Ne4 10. Bxd6 Nxd6 11. O-O Nd7 12. e4 cxd4 13. Nxd4 e5 14. Nb5 Nc5
15. exd5 Nxb5 16. Bxb5 Qxd5 17. Nf3 e4 18. Nd4 Kh8 19. Rfd1 Qg5 20. Qf1 a6 21.
Be2 Rae8 22. b4 Na4 23. Bxa6 Bxa6 24. Qxa6 Nxc3 25. Re1 Nd5 26. g3 Nxb4 27.
Qxb6 Nd3 28. Re2 f5 29. Rd1 Qh5 30. f3 Rb8 31. Qa6 Rbd8 32. g4 fxg4 33. Rxe4
Nc5 34. Qb5 gxf3 0-1

[Event "BL 1718 SK Norderstedt-OSG Baden-Baden"]
[Site "Norderstedt"]
[Date "2018.02.03"]
[Round "7.7"]
[White "Gustafsson, Jan"]
[Black "Kahlert, Thomas"]
[Result "1-0"]
[WhiteElo "2640"]
[BlackElo "2195"]
[PlyCount "77"]
[EventDate "2018.??.??"]
[EventType "team-tourn"]
[EventRounds "15"]
[EventCountry "GER"]

1. Nf3 Nf6 2. c4 d6 3. d4 Nbd7 4. Nc3 e5 5. e4 g6 6. Be2 Bg7 7. O-O O-O 8. Be3
c6 9. Qc2 Ng4 10. Bg5 f6 11. Bh4 h5 12. h3 Nh6 13. dxe5 dxe5 14. b4 Qe7 15. c5
Re8 16. Bg3 Nf8 17. Nh4 f5 18. exf5 Nxf5 19. Nxf5 Bxf5 20. Ne4 Ne6 21. Bc4 Rad8
22. Qe2 Kh8 23. Nd6 Nd4 24. Qb2 Rf8 25. Rae1 h4 26. Bxe5 Bxe5 27. Qxd4 Bxd4 28.
Rxe7 Rb8 29. Rd1 Bxf2+ 30. Kxf2 Bc2+ 31. Ke1 Bxd1 32. Kxd1 Rf4 33. Ke2 b5 34.
Bb3 Rbf8 35. Ke3 Rxb4 36. Rxa7 Rf1 37. Nf7+ Kg7 38. Ne5+ Kh6 39. Nd3 1-0

[Event "BL 1718 SK Norderstedt-OSG Baden-Baden"]
[Site "Norderstedt"]
[Date "2018.02.03"]
[Round "7.8"]
[White "Michna, Christian"]
[Black "Nielsen, Peter Heine"]
[Result "0-1"]
[WhiteElo "2259"]
[BlackElo "2639"]
[PlyCount "90"]
[EventDate "2018.??.??"]
[EventType "team-tourn"]
[EventRounds "15"]
[EventCountry "GER"]

1. d4 d5 2. Bf4 Nf6 3. e3 e6 4. Nf3 c5 5. c3 Nc6 6. Bd3 Bd6 7. Bg3 O-O 8. O-O
b6 9. Nbd2 Bb7 10. Ne5 Ne7 11. Re1 c4 12. Bc2 b5 13. e4 Qc7 14. Ng4 Nxe4 15.
Bxd6 Qxd6 16. f3 Nxd2 17. Qxd2 f6 18. Qe3 Bc8 19. Re2 Bd7 20. Rae1 a5 21. f4
Ng6 22. g3 b4 23. h4 Ne7 24. Qf3 Kh8 25. h5 h6 26. Qe3 bxc3 27. bxc3 Rab8 28.
Qc1 Rb6 29. Kh2 f5 30. Ne5 Be8 31. g4 fxg4 32. Bg6 Qd8 33. Qa3 Kg8 34. Kg3 Bxg6
35. hxg6 Nf5+ 36. Kg2 Rb8 37. Rh1 Qf6 38. Qc1 Rb7 39. Rh5 Nh4+ 40. Kg3 Nxg6 41.
Nxg6 Qxg6 42. Rhe5 Qd3+ 43. R5e3 Rb1 44. Rxd3 Rxc1 45. Rde3 Rf1 0-1

[Event "BL 1718 Hamburg SK-Speyer-Schwegenheim"]
[Site "Norderstedt"]
[Date "2018.02.03"]
[Round "7.1"]
[White "Oleksiyenko, Mykhaylo"]
[Black "Grandelius, Nils"]
[Result "1-0"]
[WhiteElo "2615"]
[BlackElo "2653"]
[PlyCount "129"]
[EventDate "2018.??.??"]
[EventType "team-tourn"]
[EventRounds "15"]
[EventCountry "GER"]

1. e4 c5 2. Ne2 Nf6 3. Nbc3 d6 4. g3 Nc6 5. Bg2 e6 6. d4 cxd4 7. Nxd4 Bd7 8.
O-O Be7 9. Nce2 Nxd4 10. Nxd4 Rc8 11. Qd3 Ng4 12. Qe2 Qb6 13. Qxg4 Qxd4 14. c3
h5 15. Qf3 Qc4 16. Be3 a6 17. Rfc1 e5 18. b3 Qc7 19. Qd1 h4 20. c4 hxg3 21.
hxg3 Bc6 22. b4 Qd7 23. Qd3 b5 24. cxb5 Bxb5 25. Rxc8+ Qxc8 26. Qd5 O-O 27. Rc1
Qd7 28. Kh2 Qg4 29. Rc7 Qh5+ 30. Kg1 Bd8 31. Ra7 Bg5 32. Bxg5 Qxg5 33. Rc7 Qd8
34. Qb7 Qg5 35. a4 Bxa4 36. Qxa6 Qd8 37. Qb7 Bb5 38. Bh3 Ba6 39. Qa7 Bd3 40.
Rc8 Qf6 41. Rxf8+ Kxf8 42. Qa8+ Ke7 43. Qb7+ Kf8 44. b5 g6 45. Bf1 Bxf1 46.
Kxf1 Qf3 47. Kg1 f5 48. Qd5 Ke7 49. b6 f4 50. gxf4 Qg4+ 51. Kf1 Qh3+ 52. Ke2
Qg4+ 53. Kd3 Qf3+ 54. Kc4 Qe2+ 55. Kb4 Qxf2 56. b7 Qb2+ 57. Qb3 Qd4+ 58. Kb5
Qc5+ 59. Ka6 Qc6+ 60. Qb6 Qc4+ 61. Qb5 Qa2+ 62. Kb6 Qf2+ 63. Kc7 Qa7 64. fxe5
dxe5 65. Kc8 1-0

[Event "BL 1718 Hamburg SK-Speyer-Schwegenheim"]
[Site "Norderstedt"]
[Date "2018.02.03"]
[Round "7.2"]
[White "Svane, Rasmus"]
[Black "Neiksans, Arturs"]
[Result "1/2-1/2"]
[WhiteElo "2595"]
[BlackElo "2584"]
[PlyCount "63"]
[EventDate "2018.??.??"]
[EventType "team-tourn"]
[EventRounds "15"]
[EventCountry "GER"]

1. Nf3 Nf6 2. c4 e6 3. g3 d5 4. Bg2 dxc4 5. Qa4+ Nbd7 6. Qxc4 c5 7. Qb3 Rb8 8.
d3 Bd6 9. a4 b6 10. Na3 a6 11. O-O O-O 12. Nc4 Bc7 13. Bd2 Bb7 14. Rfc1 Nd5 15.
Qd1 Rc8 16. Qe1 Nb8 17. b4 Nxb4 18. Bxb4 cxb4 19. Qxb4 Nc6 20. Qb2 Rb8 21. Rab1
Ba8 22. Nfe5 b5 23. Nxc6 Bxc6 24. Bxc6 bxc4 25. Qc3 cxd3 26. Qxd3 Qxd3 27. exd3
Rxb1 28. Rxb1 Rb8 29. Rxb8+ Bxb8 30. a5 Bc7 31. Bb7 Bxa5 32. Bxa6 1/2-1/2

[Event "BL 1718 Hamburg SK-Speyer-Schwegenheim"]
[Site "Norderstedt"]
[Date "2018.02.03"]
[Round "7.3"]
[White "Kantans, Toms"]
[Black "Huschenbeth, Niclas"]
[Result "1-0"]
[WhiteElo "2524"]
[BlackElo "2596"]
[PlyCount "51"]
[EventDate "2018.??.??"]
[EventType "team-tourn"]
[EventRounds "15"]
[EventCountry "GER"]

1. e4 c5 2. Nf3 d6 3. d4 cxd4 4. Nxd4 Nf6 5. Nc3 a6 6. Bg5 Nbd7 7. Qe2 b5 8. f4
e5 9. O-O-O Qb6 10. Nf5 Bb7 11. fxe5 dxe5 12. g4 g6 13. Ng3 h6 14. Be3 Bc5 15.
Bxc5 Nxc5 16. Bg2 O-O 17. Rhf1 b4 18. Nd5 Nxd5 19. exd5 Qd6 20. Qe3 Kh7 21. h4
Rac8 22. g5 f5 23. gxf6 Rxf6 24. h5 Rcf8 25. hxg6+ Rxg6 26. Ne4 1-0

[Event "BL 1718 Hamburg SK-Speyer-Schwegenheim"]
[Site "Norderstedt"]
[Date "2018.02.03"]
[Round "7.4"]
[White "Hansen, Sune Berg"]
[Black "Meskovs, Nikita"]
[Result "0-1"]
[WhiteElo "2580"]
[BlackElo "2524"]
[PlyCount "80"]
[EventDate "2018.??.??"]
[EventType "team-tourn"]
[EventRounds "15"]
[EventCountry "GER"]

1. Nf3 Nf6 2. c4 b6 3. Nc3 Bb7 4. d4 e6 5. a3 d5 6. Bg5 Be7 7. e3 O-O 8. Qc2 c5
9. dxc5 bxc5 10. Rd1 d4 11. Be2 Nc6 12. O-O Qa5 13. Ne4 Nxe4 14. Qxe4 Qc7 15.
Bd3 g6 16. Qh4 f6 17. Bh6 Rfd8 18. Qh3 f5 19. e4 Re8 20. Rfe1 Bf6 21. Re2 Re7
22. Rde1 Rae8 23. Bd2 a5 24. e5 Bg7 25. Qg3 Qb6 26. Bg5 Rd7 27. h4 Nd8 28. h5
Bxf3 29. gxf3 Qb3 30. f4 Nf7 31. Bf6 Nh6 32. hxg6 Kh8 33. Qh3 Kg8 34. gxh7+ Kh8
35. Bxf5 Qxc4 36. Qxh6 exf5 37. e6 Rde7 38. Qg6 Bxf6 39. Qxf6+ Rg7+ 40. Kf1 d3
0-1

[Event "BL 1718 Hamburg SK-Speyer-Schwegenheim"]
[Site "Norderstedt"]
[Date "2018.02.03"]
[Round "7.5"]
[White "Shytaj, Luca"]
[Black "Kollars, Dmitrij"]
[Result "1/2-1/2"]
[WhiteElo "2465"]
[BlackElo "2498"]
[PlyCount "82"]
[EventDate "2018.??.??"]
[EventType "team-tourn"]
[EventRounds "15"]
[EventCountry "GER"]

1. e4 e5 2. Nf3 Nc6 3. d3 d5 4. Be2 dxe4 5. dxe4 Qxd1+ 6. Bxd1 Nf6 7. Nbd2 Bg4
8. c3 Be7 9. Ba4 Nd7 10. Nc4 f6 11. Ne3 Be6 12. Nd5 Bd6 13. Be3 Kf7 14. Nd2 Nb6
15. Nxb6 axb6 16. Bb3 b5 17. Ke2 Na5 18. Bxe6+ Kxe6 19. a3 g6 20. f3 h5 21. h3
Nc4 22. Nxc4 bxc4 23. Rad1 Ra5 24. Rd2 f5 25. Rdd1 f4 26. Bf2 Rb5 27. Rd2 g5
28. g3 Rg8 29. Rg1 fxg3 30. Rxg3 Kf7 31. Be3 Be7 32. Kd1 h4 33. Rg1 Ke6 34. Ke2
Bc5 35. Bxc5 Rxc5 36. Ke3 Rb5 37. Rgd1 Rg7 38. Rg2 Rg8 39. Rgd2 Rg7 40. Rg2 Rg8
41. Rgd2 Rg7 1/2-1/2

[Event "BL 1718 Hamburg SK-Speyer-Schwegenheim"]
[Site "Norderstedt"]
[Date "2018.02.03"]
[Round "7.6"]
[White "Heinemann, Thies"]
[Black "Yankelevich, Lev"]
[Result "1/2-1/2"]
[WhiteElo "2484"]
[BlackElo "2442"]
[PlyCount "59"]
[EventDate "2018.??.??"]
[EventType "team-tourn"]
[EventRounds "15"]
[EventCountry "GER"]

1. e4 e5 2. Nf3 Nc6 3. Bb5 a6 4. Bxc6 dxc6 5. O-O Bg4 6. h3 h5 7. d3 Qf6 8. Be3
Bxf3 9. Qxf3 Qxf3 10. gxf3 Bd6 11. Nd2 Ne7 12. Nc4 Ng6 13. Rfd1 Nh4 14. f4 exf4
15. Nxd6+ cxd6 16. Bxf4 Kd7 17. Bg3 g5 18. Bxh4 gxh4 19. Kh1 f5 20. Re1 fxe4
21. Rxe4 Raf8 22. Rg1 Rxf2 23. Rg7+ Kc8 24. Ree7 Rf1+ 25. Kh2 Rf2+ 26. Kg1 Rhf8
27. Rc7+ Kd8 28. Rcd7+ Kc8 29. Rc7+ Kd8 30. Rcd7+ 1/2-1/2

[Event "BL 1718 Hamburg SK-Speyer-Schwegenheim"]
[Site "Norderstedt"]
[Date "2018.02.03"]
[Round "7.7"]
[White "Hoolt, Sarah"]
[Black "Carlstedt, Jonathan"]
[Result "0-1"]
[WhiteElo "2423"]
[BlackElo "2413"]
[PlyCount "32"]
[EventDate "2018.??.??"]
[EventType "team-tourn"]
[EventRounds "15"]
[EventCountry "GER"]

1. e4 e5 2. Nf3 Nc6 3. Bc4 Bc5 4. d3 Nf6 5. c3 a6 6. a4 d6 7. O-O Ba7 8. Na3
O-O 9. h3 Ne7 10. Bg5 Ng6 11. Nh4 Kh8 12. Qb3 Qe8 13. Bxf6 gxf6 14. Nf5 Nf4 15.
g3 Bxf5 16. exf5 Qc6 0-1

[Event "BL 1718 Hamburg SK-Speyer-Schwegenheim"]
[Site "Norderstedt"]
[Date "2018.02.03"]
[Round "7.8"]
[White "Sebastian, Dirk"]
[Black "Commercon, Simon"]
[Result "1-0"]
[WhiteElo "2441"]
[BlackElo "2255"]
[PlyCount "74"]
[EventDate "2018.??.??"]
[EventType "team-tourn"]
[EventRounds "15"]
[EventCountry "GER"]

1. c4 Nf6 2. g3 e6 3. Bg2 d5 4. Nf3 dxc4 5. Qa4+ Bd7 6. Qxc4 Bc6 7. O-O Nbd7 8.
Qc2 Be7 9. Nc3 O-O 10. Rd1 a5 11. e4 Nb6 12. d4 h6 13. Bf4 Rc8 14. Rac1 Nh7 15.
Ne5 Be8 16. d5 Bd6 17. dxe6 fxe6 18. Qb3 Rxf4 19. gxf4 Qe7 20. Nb5 a4 21. Qd3
Bc5 22. Qc2 Bd6 23. Qd3 Bc5 24. Nd4 Bh5 25. Rd2 c6 26. Qh3 Bxd4 27. Rxd4 Nf6
28. Qa3 c5 29. Rd2 Be8 30. Rdc2 Nh5 31. Rxc5 Rd8 32. Rc7 Qxa3 33. bxa3 Nxf4 34.
Bf1 Rd2 35. Rxb7 Rb2 36. Rb8 Kf8 37. Rc7 Rb1 1-0

[Event "BL 1718 SV Werder Bremen - SG Solingen"]
[Site "?"]
[Date "2018.02.03"]
[Round "7.1"]
[White "Harikrishna, Pentala"]
[Black "Areshchenko, Alexander"]
[Result "1-0"]
[WhiteElo "2745"]
[BlackElo "2645"]
[PlyCount "83"]
[EventDate "2018.??.??"]
[EventType "team-tourn"]

1. c4 g6 2. e4 e5 3. d4 Nf6 4. Nf3 exd4 5. e5 Bb4+ 6. Bd2 Qe7 7. Bxb4 Qxb4+ 8.
Qd2 Qxd2+ 9. Nbxd2 Nh5 10. Nxd4 Nc6 11. Nxc6 dxc6 12. g3 Ke7 13. O-O-O Be6 14.
Be2 Ng7 15. Ne4 Rad8 16. Rxd8 Rxd8 17. Rd1 Rxd1+ 18. Kxd1 Nf5 19. b3 Nd4 20.
Kd2 b5 21. cxb5 cxb5 22. Bd1 Bf5 23. Ke3 Nc6 24. f4 Nb4 25. Nc3 c6 26. g4 Be6
27. a3 Na6 28. b4 Nc7 29. h3 c5 30. bxc5 a5 31. Ne2 b4 32. axb4 axb4 33. Nd4
Nd5+ 34. Kf3 Nc3 35. Bc2 Bd5+ 36. Ke3 Bg2 37. h4 Bb7 38. f5 Nd5+ 39. Kd2 gxf5
40. Bxf5 h6 41. Be4 Ba8 42. h5 1-0

[Event "BL 1718 SV Werder Bremen - SG Solingen"]
[Site "?"]
[Date "2018.02.03"]
[Round "7.3"]
[White "Van Wely, Loek"]
[Black "Fressinet, Laurent"]
[Result "1-0"]
[WhiteElo "2656"]
[BlackElo "2662"]
[PlyCount "61"]
[EventDate "2018.??.??"]
[EventType "team-tourn"]

1. c4 c6 2. Nf3 d5 3. g3 g6 4. Bg2 Bg7 5. d4 dxc4 6. O-O Nd7 7. a4 a5 8. Qc2
Nb6 9. Rd1 Nf6 10. e4 O-O 11. h3 Ne8 12. Na3 f5 13. Nxc4 fxe4 14. Ng5 Nxc4 15.
Qxc4+ Qd5 16. Qe2 Nd6 17. Nxe4 Nxe4 18. Bxe4 Qf7 19. Ra3 Bf5 20. Rf3 Qe6 21.
Re3 Bxe4 22. Rxe4 Qxh3 23. Rxe7 Rf7 24. Rxf7 Kxf7 25. d5 cxd5 26. Qb5 Kg8 27.
Qxb7 Rd8 28. Rxd5 Re8 29. Bd2 Kh8 30. Bxa5 Qg4 31. Rd7 1-0

[Event "BL 1718 SV Werder Bremen - SG Solingen"]
[Site "?"]
[Date "2018.02.03"]
[Round "7.4"]
[White "McShane, Luke J"]
[Black "Bok, Benjamin"]
[Result "1/2-1/2"]
[WhiteElo "2643"]
[BlackElo "2613"]
[PlyCount "51"]
[EventDate "2018.??.??"]
[EventType "team-tourn"]

1. e4 e5 2. Nf3 Nc6 3. Bb5 Nf6 4. d3 Bc5 5. Bxc6 dxc6 6. O-O Qe7 7. Nbd2 Bg4 8.
Re1 Nd7 9. h3 Bh5 10. Nf1 Nf8 11. Ng3 Bxf3 12. Qxf3 g6 13. Bd2 Ne6 14. b4 Bb6
15. a4 a5 16. Reb1 axb4 17. Bxb4 Bc5 18. Bd2 b6 19. a5 O-O 20. axb6 cxb6 21.
Nf1 b5 22. Ne3 h5 23. Bc3 Bd4 24. Bxd4 Nxd4 25. Qd1 Qc5 26. Qe1 1/2-1/2

[Event "BL 1718 SV Werder Bremen - SG Solingen"]
[Site "?"]
[Date "2018.02.03"]
[Round "7.5"]
[White "Smeets, Jan"]
[Black "Efimenko, Zahar"]
[Result "0-1"]
[WhiteElo "2608"]
[BlackElo "2636"]
[PlyCount "168"]
[EventDate "2018.??.??"]
[EventType "team-tourn"]

1. e4 e5 2. Nf3 Nc6 3. Bb5 a6 4. Ba4 Nf6 5. O-O Be7 6. d3 d6 7. c3 O-O 8. Nbd2
Re8 9. Re1 Bf8 10. Nf1 h6 11. Ng3 b5 12. Bc2 d5 13. exd5 Nxd5 14. a3 g6 15. Bb3
Be6 16. Ba2 Bg7 17. Ne4 Nb6 18. Bxe6 Rxe6 19. Nc5 Re8 20. a4 b4 21. Nd2 a5 22.
Ndb3 bxc3 23. bxc3 e4 24. Nxe4 f5 25. Nec5 Bxc3 26. Rxe8+ Qxe8 27. Ra2 Bg7 28.
Re2 Qf7 29. Bd2 Rb8 30. Nxa5 Nd4 31. Re1 f4 32. Re4 f3 33. Nab3 Ne2+ 34. Kf1
Nd5 35. Rxe2 fxe2+ 36. Qxe2 Nc3 37. Bxc3 Bxc3 38. Qc2 Bb4 39. Ne4 Bf8 40. Nd4
Bg7 41. Nb5 Ra8 42. h3 c6 43. Nbd6 Qd5 44. Ke2 Rb8 45. Nc4 Qd4 46. a5 Qa1 47.
Ncd2 Qxa5 48. Qxc6 Kh7 49. Qe6 Rd8 50. Qf7 Qa6 51. Qb3 Qa7 52. Qe6 Qd4 53. Qb3
Qd7 54. Nf3 Qf5 55. Qb7 Rd7 56. Qc6 Ra7 57. Nfd2 Qh5+ 58. Nf3 Ra2+ 59. Kf1 Ra1+
60. Ke2 Qa5 61. Qd7 Qa2+ 62. Nfd2 Qb2 63. h4 Qe5 64. g4 Ra8 65. Nf3 Qb2+ 66.
Kf1 Rf8 67. Kg2 Qe2 68. Ne5 Qb2 69. Nc6 Qe2 70. Ne5 Qb2 71. Nf3 Qe2 72. Ng1 Qb2
73. g5 Qe5 74. Qg4 Qf5 75. Qe2 h5 76. Nh3 Bd4 77. Ng3 Qf7 78. Qe4 Bg7 79. Qc6
Rd8 80. Qe4 Rd4 81. Qe3 Rxh4 82. Ne4 Rg4+ 83. Kf1 Qf5 84. Qa7 Rxe4 0-1

[Event "BL 1718 SV Werder Bremen - SG Solingen"]
[Site "?"]
[Date "2018.02.03"]
[Round "7.6"]
[White "Edouard, Romain"]
[Black "L'Ami, Erwin"]
[Result "1/2-1/2"]
[WhiteElo "2613"]
[BlackElo "2625"]
[PlyCount "96"]
[EventDate "2018.??.??"]
[EventType "team-tourn"]

1. Nf3 d5 2. c4 e6 3. g3 c5 4. cxd5 exd5 5. d4 Nc6 6. Bg2 Nf6 7. O-O Be7 8. Nc3
O-O 9. dxc5 Bxc5 10. a3 Ne4 11. Qc2 Nxc3 12. Qxc3 Bb6 13. b4 Bf5 14. Bb2 d4 15.
Qd2 Re8 16. Rad1 Rc8 17. Qf4 Bc2 18. Rd2 Be4 19. Nxd4 Bxg2 20. Nxc6 Bxc6 21.
Rxd8 Rcxd8 22. Qg5 Bd4 23. Bxd4 Rxd4 24. Qc5 Rd2 25. b5 Rd5 26. Qc2 Rxb5 27. f3
a5 28. Rd1 Rbe5 29. Rd2 a4 30. e4 f5 31. exf5 Bxf3 32. Qc4+ Kh8 33. f6 gxf6 34.
Kf2 Rf5 35. Qc1 Bc6+ 36. Kg1 Rfe5 37. Kf2 Kg7 38. g4 h5 39. gxh5 Rxh5 40. Kg1
Rg5+ 41. Kf1 Ree5 42. Rd4 Bb5+ 43. Kf2 Re2+ 44. Kf3 Rge5 45. Rd6 Rf5+ 46. Kg3
Rg5+ 47. Kf3 Rf5+ 48. Kg3 Rg5+ 1/2-1/2

[Event "BL 1718 SV Werder Bremen - SG Solingen"]
[Site "?"]
[Date "2018.02.03"]
[Round "7.7"]
[White "Andersen, Mads"]
[Black "Markgraf, Rolf-Alexander"]
[Result "1-0"]
[WhiteElo "2606"]
[BlackElo "2514"]
[PlyCount "91"]
[EventDate "2018.??.??"]
[EventType "team-tourn"]

1. d4 f5 2. g3 Nf6 3. Bg2 g6 4. Nf3 Bg7 5. O-O O-O 6. c4 d6 7. Nc3 Qe8 8. b3
Na6 9. Bb2 c6 10. Re1 e5 11. e4 f4 12. Ba3 fxg3 13. hxg3 exd4 14. Qxd4 Ng4 15.
Qd2 Qd8 16. Rac1 Nc5 17. Rcd1 Qa5 18. Nb1 Qxd2 19. Rxd2 Re8 20. Rxd6 Ne6 21.
Rd2 a5 22. Bd6 a4 23. b4 Nd8 24. a3 Nf7 25. Bc7 Be6 26. c5 Rac8 27. Bf4 Rcd8
28. Bf1 h6 29. Kg2 g5 30. Rxd8 Rxd8 31. Bd2 Ba2 32. Bc3 Nge5 33. Nd4 Nd3 34.
Bxd3 Bxd4 35. Bxd4 Rxd4 36. Bc2 Bb3 37. Bxb3 axb3 38. e5 Nxe5 39. Rxe5 Rd1 40.
Nc3 b2 41. Re2 Rc1 42. Rxb2 Rxc3 43. Rd2 Rxa3 44. Rd7 Rb3 45. Rxb7 g4 46. b5
1-0

[Event "BL 1718 SV Werder Bremen - SG Solingen"]
[Site "?"]
[Date "2018.02.03"]
[Round "7.8"]
[White "Zumsande, Martin"]
[Black "Naumann, Alexander"]
[Result "1-0"]
[WhiteElo "2453"]
[BlackElo "2557"]
[PlyCount "131"]
[EventDate "2018.??.??"]
[EventType "team-tourn"]

1. e4 c5 2. Nf3 d6 3. c3 Nf6 4. h3 Nc6 5. Bd3 d5 6. e5 Nd7 7. Bb5 e6 8. O-O Be7
9. Re1 O-O 10. d3 Qc7 11. Bf4 Nb6 12. Nbd2 a6 13. Bxc6 Qxc6 14. Nf1 Na4 15. Qd2
b5 16. Ng3 Qe8 17. Nh2 Kh8 18. Ng4 f5 19. exf6 gxf6 20. Re2 Ra7 21. Rae1 Qg6
22. Rxe6 Bxe6 23. Rxe6 Bd8 24. b3 Nb6 25. Bd6 Re8 26. Rxe8+ Qxe8 27. Bxc5 Qe6
28. Bd4 Rf7 29. Nh5 Nd7 30. Qf4 Rf8 31. g3 Rf7 32. Kg2 Rf8 33. Qh6 Qf7 34. Nf4
Re8 35. Ne3 Bb6 36. Bxb6 Nxb6 37. Nf5 Nc8 38. Kh2 Rg8 39. h4 Ne7 40. Nxe7 Qxe7
41. Nxd5 Qf7 42. c4 Re8 43. Qf4 Re2 44. a4 bxa4 45. bxa4 Ra2 46. Kg2 Rxa4 47.
Nxf6 Ra2 48. Qe5 a5 49. c5 Rc2 50. Ne4+ Qg7 51. Qd5 Qf8 52. Qd4+ Kg8 53. c6 Qa8
54. Qd5+ Kg7 55. Qd7+ Kf8 56. Nc5 Kg8 57. d4 Qf8 58. Qe6+ Kh8 59. Qe5+ Kg8 60.
Qg5+ Kh8 61. Qf4 Qa8 62. Qe5+ Kg8 63. Qe4 Rxc5 64. dxc5 a4 65. f3 a3 66. c7 1-0

[Event "BL 1718 SV Mülheim Nord - DJK Aachen"]
[Site "?"]
[Date "2018.02.03"]
[Round "7.1"]
[White "Iturrizaga Bonelli, Eduardo"]
[Black "Fridman, Daniel"]
[Result "1/2-1/2"]
[WhiteElo "2650"]
[BlackElo "2635"]
[PlyCount "53"]
[EventDate "2018.??.??"]
[EventType "team-tourn"]

1. c4 e6 2. Nf3 d5 3. d4 Nf6 4. Nc3 Be7 5. Bf4 O-O 6. e3 Nbd7 7. Be2 dxc4 8.
Bxc4 a6 9. a4 c5 10. dxc5 Nxc5 11. O-O Qxd1 12. Rfxd1 Bd7 13. Ne5 Rfc8 14. Be2
Bc6 15. Nxc6 Rxc6 16. Rab1 Nb3 17. Bf3 Rb6 18. a5 Rb4 19. Na2 Rb5 20. Nc3 Rb4
21. Bc7 g5 22. g3 Kg7 23. Bb6 Rb8 24. Bc7 Rc8 25. Bb6 Rb8 26. Bc7 Rc8 27. Bb6
1/2-1/2

[Event "BL 1718 SV Mülheim Nord - DJK Aachen"]
[Site "?"]
[Date "2018.02.03"]
[Round "7.2"]
[White "Landa, Konstantin"]
[Black "van Foreest, Jorden"]
[Result "1/2-1/2"]
[WhiteElo "2604"]
[BlackElo "2636"]
[PlyCount "173"]
[EventDate "2018.??.??"]
[EventType "team-tourn"]

1. Nf3 d5 2. g3 Bg4 3. Bg2 c6 4. O-O Nd7 5. h3 Bh5 6. d4 e6 7. c4 Be7 8. cxd5
exd5 9. Qb3 Qb6 10. Qe3 Nf8 11. Nbd2 Ne6 12. b3 Nf6 13. Bb2 O-O 14. Ne5 c5 15.
dxc5 Bxc5 16. Qd3 Rfe8 17. e3 Rad8 18. g4 Bg6 19. Nxg6 hxg6 20. Nf3 Ne4 21.
Rad1 Nxf2 22. Rxf2 Bxe3 23. Bd4 Nxd4 24. Nxd4 Rd6 25. Kf1 Bxf2 26. Kxf2 Rde6
27. Bf3 Re5 28. Kg2 a6 29. Qd2 Qd6 30. Rf1 Qe7 31. Rf2 Qc5 32. Nc2 a5 33. b4
axb4 34. Nxb4 R5e6 35. Nxd5 Rd6 36. Qd1 Red8 37. Rd2 Kh8 38. Qb3 Qa5 39. Rd4
Rc6 40. g5 Qe1 41. Qd1 Rc1 42. Qxe1 Rxe1 43. h4 Re5 44. Kg3 Rd6 45. a4 f6 46.
Kf4 Rf5+ 47. Kg4 Re5 48. Rd1 Rd8 49. Nf4 Rxd1 50. Bxd1 Kh7 51. Bc2 f5+ 52. Kf3
b5 53. axb5 Rxb5 54. Ba4 Rb8 55. Ke3 Rb4 56. Bc6 Rb1 57. Bd5 Re1+ 58. Kd4 Ra1
59. Ne6 Kg8 60. Nf4+ Kh7 61. Bf7 Ra4+ 62. Ke3 Ra3+ 63. Ke2 Ra6 64. Kd2 Rc6 65.
Kd3 Ra6 66. Be8 Rb6 67. Kc4 Ra6 68. Kb5 Ra1 69. Bxg6+ Kg8 70. Bxf5 Rf1 71. Be6+
Kh7 72. Ng2 Kg6 73. Kc5 Kh5 74. Kd6 Rf2 75. Bd5 Kg4 76. Ke5 Rf5+ 77. Ke4 Rf8
78. Ke5 Re8+ 79. Kd4 Rd8 80. Ke5 Re8+ 81. Kd6 g6 82. Kd7 Re2 83. h5 Rxg2 84.
hxg6 Kxg5 85. g7 Kh6 86. g8=N+ Rxg8 87. Bxg8 1/2-1/2

[Event "BL 1718 SV Mülheim Nord - DJK Aachen"]
[Site "?"]
[Date "2018.02.03"]
[Round "7.3"]
[White "Parligras, Mircea Emilian"]
[Black "Zelbel, Patrick"]
[Result "1-0"]
[WhiteElo "2638"]
[BlackElo "2441"]
[PlyCount "65"]
[EventDate "2018.??.??"]
[EventType "team-tourn"]

1. d4 Nf6 2. c4 g6 3. Nc3 Bg7 4. e4 d6 5. h3 O-O 6. Be3 Nc6 7. d5 Nb4 8. a3 Na6
9. Bd3 Nd7 10. Nf3 Nac5 11. Bc2 Nb6 12. Qe2 Bxc3+ 13. bxc3 Nba4 14. Bh6 Re8 15.
e5 e6 16. Bg5 Qd7 17. Bf6 exd5 18. Qd2 Qe6 19. O-O dxe5 20. Bxe5 f6 21. cxd5
Qf7 22. Bd4 Qxd5 23. c4 Qf7 24. Rfe1 Bd7 25. Qf4 Bc6 26. Qh4 Bxf3 27. gxf3 Kg7
28. f4 h6 29. Kh2 Kh7 30. Bxf6 Rxe1 31. Rxe1 Re8 32. Rxe8 Qxe8 33. f5 1-0

[Event "BL 1718 SV Mülheim Nord - DJK Aachen"]
[Site "?"]
[Date "2018.02.03"]
[Round "7.4"]
[White "Hausrath, Daniel"]
[Black "Bindrich, Falko"]
[Result "1/2-1/2"]
[WhiteElo "2499"]
[BlackElo "2604"]
[PlyCount "96"]
[EventDate "2018.??.??"]
[EventType "team-tourn"]

1. Nf3 d5 2. g3 Nf6 3. Bg2 e6 4. c4 dxc4 5. Qa4+ Bd7 6. Qxc4 c5 7. Ne5 Qc8 8.
b3 Nc6 9. Nxd7 Qxd7 10. Bb2 Be7 11. O-O Rc8 12. Rd1 Nd4 13. Nc3 b5 14. Qd3 c4
15. bxc4 bxc4 16. Qb1 Rb8 17. e3 Nf5 18. Qc2 O-O 19. Rab1 Rfc8 20. Ba1 h6 21.
Rxb8 Rxb8 22. Ne4 Nxe4 23. Bxe4 Nd6 24. Bf3 Qb5 25. Kg2 Bf6 26. Bc3 Bxc3 27.
dxc3 Qe5 28. Qa4 a5 29. Qc6 Nf5 30. Qxc4 Qxe3 31. Rb1 Rd8 32. Rd1 Rf8 33. Be4
Qg5 34. Bxf5 Qxf5 35. Qc7 Qe4+ 36. Kg1 Qa8 37. a4 Rc8 38. Qe7 Re8 39. Qc7 e5
40. Rd7 Rb8 41. Rd1 e4 42. Qc5 Re8 43. Rd5 e3 44. fxe3 Qb7 45. Qd4 Qb1+ 46. Kg2
Qc2+ 47. Kf3 Qc1 48. Kf2 Qc2+ 1/2-1/2